[Event "8th EUR-ch (w)"]
[Site "Dresden GER"]
[Date "2007.04.14"]
[Round "11"]
[White "Wilson, Alexandra"]
[Black "Pertlova, Sona"]
[Result "1/2-1/2"]
[WhiteElo "2034"]
[BlackElo "2171"]
[EventDate "2007.04.03"]
[PlyCount "53"]

1.e4 d5 2.exd5 Nf6 3.d4 Nxd5 4.c4 Nb6 5.Nf3 Bg4 6.c5 N6d7 7.Bc4 e6 8.h3 
Bxf3 9.Qxf3 Nc6 10.Be3 Qf6 11.Qxf6 Nxf6 12.Nc3 O-O-O 13.O-O-O Nb4 14.Bg5 
Be7 15.Rhe1 Rhe8 16.a3 Nbd5 17.Nxd5 Nxd5 18.Bxe7 Rxe7 19.Re5 Red7 20.Kc2 
Ne7 21.Kc3 c6 22.b4 h6 23.g3 Kc7 24.Re2 Nf5 25.Re4 Ne7 26.Re2 Nf5 27.Re4 
1/2-1/2

[Event "8th EUR-ch (w)"]
[Site "Dresden GER"]
[Date "2007.04.14"]
[Round "11"]
[White "Steil-Antoni, Fiona"]
[Black "Van Weersel, Arlette"]
[Result "1/2-1/2"]
[WhiteElo "2018"]
[BlackElo "2156"]
[EventDate "2007.04.03"]
[PlyCount "57"]

1.e4 e5 2.Nf3 Nc6 3.d4 exd4 4.Nxd4 Bc5 5.Be3 Qf6 6.c3 Nge7 7.g3 d5 8.Bg2 
dxe4 9.Nd2 Bb6 10.Nxe4 Qg6 11.O-O O-O 12.Qb3 Ne5 13.Nc2 Be6 14.Qa4 Bd7 15.
Qb3 Bf5 16.f3 Nxf3+ 17.Bxf3 Bxe4 18.Bxe4 Bxe3+ 19.Nxe3 Qxe4 20.Rae1 Qc6 
21.Rf4 Rad8 22.Rc4 Qf3 23.Rf4 Qh5 24.Rh4 Qa5 25.Ra4 Qe5 26.Qxb7 Rb8 27.Qe4
Qxe4 28.Rxe4 Ng6 29.b3 1/2-1/2

[Event "8th EUR-ch (w)"]
[Site "Dresden GER"]
[Date "2007.04.14"]
[Round "11"]
[White "Bakalarz, Grazyna"]
[Black "Klek, Hanna-Marie"]
[Result "1-0"]
[WhiteElo "2081"]
[BlackElo "1865"]
[EventDate "2007.04.03"]
[PlyCount "127"]

1.d4 d5 2.Nf3 c6 3.c3 Nf6 4.Bg5 h6 5.Bh4 Bf5 6.Nbd2 Nbd7 7.e3 e6 8.Ne5 Be7
9.Nxd7 Nxd7 10.Bg3 O-O 11.Nf3 Qb6 12.Qd2 Nf6 13.Ne5 Ne4 14.Qc1 Rfd8 15.Be2
f6 16.Nd3 c5 17.dxc5 Nxc5 18.Nxc5 Bxc5 19.O-O Rac8 20.a4 e5 21.a5 Qe6 22.
Re1 Kh8 23.h3 Qf7 24.a6 b6 25.Bb5 Qg6 26.Ra4 Be4 27.Bf1 Qe8 28.Qd1 Qg6 29.
Qg4 Qxg4 30.hxg4 Bg6 31.Raa1 Kg8 32.Rad1 Kf7 33.Rd2 Ke6 34.Red1 Rd6 35.b4 
Bxe3 36.fxe3 Rxc3 37.Bf2 Rb3 38.Bc4 Rxb4 39.Rxd5 Rxd5 40.Bxd5+ Ke7 41.Bc6 
Be8 42.Bb7 Bd7 43.e4 Bxg4 44.Rc1 Kd8 45.Rc2 Bd7 46.Kh2 Rb3 47.Be1 Rb1 48.
Bc3 Rb3 49.Bd2 Rd3 50.Bb4 Ke8 51.Bd5 f5 52.Rd2 fxe4 53.Bxe4 Rxd2 54.Bxd2 
Bb5 55.Bb7 Kd7 56.Kg3 Bd3 57.Kg4 Bc2 58.Bc3 Kd6 59.Bb4+ Kd7 60.Bf8 g6 61.
Bxh6 Bd3 62.Be3 Kc7 63.Kg5 Bc2 64.Kf6 1-0

[Event "8th EUR-ch (w)"]
[Site "Dresden GER"]
[Date "2007.04.14"]
[Round "11"]
[White "Coimbra, Margarida"]
[Black "Sokalskaya, Elena"]
[Result "1-0"]
[WhiteElo "2067"]
[BlackElo "2147"]
[EventDate "2007.04.03"]
[PlyCount "167"]

1.e4 c6 2.d4 d5 3.Nd2 dxe4 4.Nxe4 Bf5 5.Ng3 Bg6 6.h4 h6 7.Nf3 Nd7 8.h5 Bh7
9.Bd3 Bxd3 10.Qxd3 Ngf6 11.Bf4 Qa5+ 12.Bd2 Qc7 13.O-O-O e6 14.Ne4 O-O-O 
15.g3 Nc5 16.Nxc5 Bxc5 17.c4 Qe7 18.Ba5 Bb6 19.Bc3 c5 20.Qe2 cxd4 21.Nxd4 
Rd7 22.Nb3 Rhd8 23.g4 Rxd1+ 24.Rxd1 Rxd1+ 25.Kxd1 Qd6+ 26.Ke1 Qf4 27.f3 
Bc7 28.Nd2 e5 29.Kd1 Qg3 30.Ne4 Qg1+ 31.Kc2 Nd7 32.Bd2 Qb6 33.Be3 Qa6 34.
Nc3 f6 35.Qd3 Bb6 36.Bxb6 Qxb6 37.Ne4 Kc7 38.Qd5 Qc6 39.Qf7 Qa4+ 40.Kc1 
Qb4 41.Nc3 Qf8 42.Nb5+ Kd8 43.Qxf8+ Nxf8 44.Nxa7 Ne6 45.Kd2 Kc7 46.Nb5+ 
Kc6 47.Ke3 Kc5 48.b3 b6 49.Nc3 Nf4 50.Ne2 Ne6 51.f4 exf4+ 52.Nxf4 Ng5 53.
Nd3+ Kd6 54.b4 Kc6 55.c5 b5 56.Nf4 Nf7 57.Ne6 Ne5 58.Nxg7 Nxg4+ 59.Kf4 Ne5
60.Kf5 Nd3 61.a3 Ne5 62.Kxf6 Nc4 63.Nf5 Nxa3 64.Nd4+ Kd5 65.c6 Nc4 66.c7 
Nb6 67.Nxb5 Kc6 68.Nc3 Kxc7 69.Kg6 Kd7 70.Kxh6 Ke7 71.Kg7 Nd7 72.h6 Nf8 
73.h7 Nxh7 74.Kxh7 Kd6 75.Kg6 Kc6 76.Kf5 Kb6 77.Ke5 Kc6 78.Ke6 Kb6 79.Kd6 
Kb7 80.Na4 Ka6 81.Kc6 Ka7 82.b5 Ka8 83.b6 Kb8 84.b7 1-0

[Event "8th EUR-ch (w)"]
[Site "Dresden GER"]
[Date "2007.04.14"]
[Round "11"]
[White "Fuchs, Judith"]
[Black "Rolli, Corinne"]
[Result "1-0"]
[WhiteElo "2132"]
[BlackElo "2009"]
[EventDate "2007.04.03"]
[PlyCount "45"]

1.e4 c5 2.Nf3 e6 3.d4 cxd4 4.Nxd4 a6 5.Nc3 Qc7 6.Bd3 Nf6 7.f4 h5 8.e5 Ng4 
9.Nb3 Qd8 10.Qf3 d6 11.h3 dxe5 12.hxg4 hxg4 13.Qf1 Rxh1 14.Qxh1 Nc6 15.Be3
a5 16.O-O-O a4 17.Bb5 Qc7 18.Nxa4 exf4 19.Bb6 Qe5 20.Qf1 f6 21.Qc4 Kf7 22.
Bxc6 bxc6 23.Qxc6 1-0

[Event "8th EUR-ch (w)"]
[Site "Dresden GER"]
[Date "2007.04.14"]
[Round "11"]
[White "Ziemann, Nadine"]
[Black "Shmirina, Galina"]
[Result "0-1"]
[WhiteElo "1989"]
[BlackElo "2115"]
[EventDate "2007.04.03"]
[PlyCount "102"]

1.e4 e6 2.d3 d5 3.Nd2 Nf6 4.Ngf3 Be7 5.g3 O-O 6.Bg2 c5 7.O-O Nc6 8.Re1 
dxe4 9.dxe4 e5 10.c3 Qc7 11.Qc2 h6 12.Nc4 b5 13.Ne3 Be6 14.Nf5 Rfd8 15.
Nxe7+ Qxe7 16.Nh4 Rac8 17.Bf1 c4 18.Ng2 Nd7 19.f3 Nc5 20.Be3 Rd7 21.Red1 
Rcd8 22.Rxd7 Rxd7 23.Rd1 Rxd1 24.Qxd1 Na4 25.Qc1 a6 26.Be2 Qd6 27.f4 Bc8 
28.Nh4 Nc5 29.Bxc5 Qxc5+ 30.Kg2 exf4 31.gxf4 Qe7 32.Kg3 Qxe4 33.Bf3 Qe6 
34.f5 Qd6+ 35.Qf4 Ne5 36.Be4 Qf6 37.Nf3 Nxf3 38.Kxf3 Bd7 39.Qb8+ Kh7 40.
Qf4 Bc6 41.Bxc6 Qxc6+ 42.Qe4 Qxe4+ 43.Kxe4 g5 44.b3 h5 45.bxc4 bxc4 46.Ke5
Kg7 47.h3 h4 48.Ke4 Kf6 49.a3 g4 50.hxg4 Kg5 51.Kf3 f6 0-1

[Event "8th EUR-ch (w)"]
[Site "Dresden GER"]
[Date "2007.04.14"]
[Round "11"]
[White "Foisor, Mihaela-Veronica"]
[Black "Sokalska, Viktorija"]
[Result "0-1"]
[WhiteElo "1980"]
[BlackElo "2045"]
[EventDate "2007.04.03"]
[PlyCount "78"]

1.d4 Nf6 2.c4 g6 3.Nc3 d5 4.Nf3 Bg7 5.e3 O-O 6.b4 a6 7.Qb3 dxc4 8.Bxc4 b5 
9.Be2 Bb7 10.a4 bxa4 11.Nxa4 Bd5 12.Qc2 Nc6 13.Bd2 Rb8 14.Rb1 Qd7 15.Nc5 
Qg4 16.Nxa6 Be4 17.Bd3 Bxf3 18.gxf3 Qxf3 19.Nxb8 Qxh1+ 20.Ke2 Nxd4+ 21.
exd4 Qxh2 22.Nc6 Ng4 23.Rf1 Re8 24.Be4 e5 25.d5 f5 26.Qb3 Kh8 27.Bf3 Qh3 
28.Rb1 Nh2 29.Bh1 Qh5+ 30.Bf3 Qh3 31.d6 cxd6 32.b5 e4 33.Bh1 Qh5+ 34.Ke1 
e3 35.fxe3 f4 36.e4 f3 37.Qd3 Qg4 38.Kf2 Qh4+ 39.Kg1 Qg3+ 0-1